Truth (Record no. 116008)
[ view plain ]
| 000 -LEADER | |
|---|---|
| fixed length control field | 02096nam a2200337 a 4500 |
| 082 04 - DEWEY DECIMAL CLASSIFICATION NUMBER | |
| Classification number | 658.8/02 |
| 100 1# - MAIN ENTRY--AUTHOR NAME | |
| Personal name | Upshaw, Lynn B., |
| 245 10 - TITLE STATEMENT | |
| Title | Truth |
| 260 ## - PUBLICATION, DISTRIBUTION, ETC. (IMPRINT) | |
| Place of publication | New York : |
| Name of publisher | AMACOM, |
| Year of publication | c2007. |
| 300 ## - PHYSICAL DESCRIPTION | |
| Number of Pages | vii, 279 p. : |
| Other physical details | ill. |
| 505 0# - FORMATTED CONTENTS NOTE | |
| Formatted contents note | Convincing the unconvinced : practical integrity and a better way to market -- Practical integrity works : five companies with something to teach us all -- Be the one they can count on : build equitable partnerships, fused with integrity -- My product, my self : that's not a product you're marketing, that's your word -- Win the credibility race (and it is a race) : grab the leadership share of what customers believe in -- Promote honestly, not just legally : no weasels allowed -- Be there when they want you there : in their mind, not in their face -- Putting trust back into value : it's worth more if they trust you more -- Integrity team building : convince your people and they will convince the world -- Benchmark against a new ROMI : achieving return on market integrity -- Preparing for a better way to market : integrity planning and training -- A final thought. |
| 650 #0 - SUBJECT ADDED ENTRY--TOPICAL TERM | |
| Topical Term | Marketing. |
| Topical Term | Marketing |
| Topical Term | Integrity. |
| 856 40 - ELECTRONIC LOCATION AND ACCESS | |
| Uniform Resource Identifier | http://site.ebrary.com/lib/rucke/Doc?id=10196205 |
No items available.
